000 00587nam a2200205Ia 4500
001 14484
003 IVS
005 20250626030528.0
008 211022s9999 xx 000 0 und d
040 _cIVS
082 _a741.6 SAL
100 _aSalsabil Shafi
245 4 _aThe healing power of expression through art for underprivileged children
260 _aKarachi
260 _bIndus Valley School of Art & Architecture
260 _c2019
300 _a32
856 _uhttps://drive.google.com/file/d/110Ye80j_FKfnWl3naWb192dM8N7C8Jme/view?usp=sharing
942 _cDISS
_2ddc
_n0
999 _c10056
_d10056